000 00595nam a2200217Ia 4500
003 OSt
005 20220918212533.0
006 a|||||r|||| 00| 0
007 ta
008 220917b |||||||| |||| 00| 0 eng d
024 _a129,237
037 _cTextual
040 _aARTS
_cARTS
_beng
041 _2eng
_aeng
082 _aX.672CG.N5, J4 (906)
245 0 _aGezira scheme from within
_b A collection of artiles by heads of Department
260 _aNA
_bNA
_c1954
650 _aECONOMICS
942 _hX.672CG.N5, J4 (906)
_cTEXL
_2CC
999 _c252366
_d252366